[Event "IECC KO email"]
[White "Gumminger, Fred"]
[Black "Jaquay, David"]
[Site "IECC email"]
[Round "?"]
[Result "1-0"]
[Date "2002.03.05"]
[WhiteElo "1050"]
[BlackElo "1044"]
[PlyCount "51"]
[EventDate "2002.??.??"]
[EventType "tourn (corr)"]
[EventRounds "6"]
[SourceTitle "Corr 2008"]
[Source "ChessBase"]
[SourceDate "2008.06.24"]
[SourceVersion "1"]
[SourceVersionDate "2008.06.24"]
[SourceQuality "1"]

1. e4 e5 2. Nf3 Nc6 3. Bc4 Bc5 4. c3 d6 5. d4 Bb6 6. Bxf7+ Kxf7 7. dxe5 Qe8 8. 0-0 dxe5 9. b3 Bg4 10. Ng5+ Ke7 11. Qxg4 Nf6 12. Qe6+ Kf8 13. Ba3+ Ne7 14. Nd2 h6 15. Ngf3 Qf7 16. Qxe5 Rd8 17. Nc4 Ng4 18. Bxe7+ Qxe7 19. Qf5+ Nf6 20. e5 Qc5 21. Qf4 Rg8 22. exf6 Qc6 23. f7 Rh8 24. Nfe5 Qf6 25. Qxf6 gxf6 26. Ng6+ 1-0

[Event "IECC KO email"]
[White "Jaquay, David"]
[Black "Gumminger, Fred"]
[Site "IECC email"]
[Round "?"]
[Result "0-1"]
[Date "2002.03.05"]
[WhiteElo "1062"]
[BlackElo "1032"]
[PlyCount "40"]
[EventDate "2002.??.??"]
[EventType "tourn (corr)"]
[EventRounds "6"]
[SourceTitle "Corr 2008"]
[Source "ChessBase"]
[SourceDate "2008.06.24"]
[SourceVersion "1"]
[SourceVersionDate "2008.06.24"]
[SourceQuality "1"]

1. e4 c6 2. d4 d5 3. exd5 cxd5 4. Nf3 Bg4 5. Be2 Nf6 6. Ne5 Be6 7. Nd2 Nc6 8. Ndf3 h6 9. 0-0 Qb6 10. Qd2 g5 11. Qc3 Bg7 12. h4 g4 13. Nh2 Nxd4 14. Re1 g3 15. Nhg4 Nxg4 16. Bxg4 gxf2+ 17. Kxf2 Bxg4 18. Nxg4 Nxc2+ 19. Be3 Bxc3 20. Bxb6 Bxe1+ 0-1

[Event "IECC KO email"]
[White "Meetze, Bill"]
[Black "Jaquay, David"]
[Site "IECC email"]
[Round "?"]
[Result "1-0"]
[Date "2000.04.15"]
[WhiteElo "1249"]
[BlackElo "1010"]
[PlyCount "65"]
[EventDate "2000.??.??"]
[EventType "tourn (corr)"]
[EventRounds "6"]
[SourceTitle "Corr 2008"]
[Source "ChessBase"]
[SourceDate "2008.06.24"]
[SourceVersion "1"]
[SourceVersionDate "2008.06.24"]
[SourceQuality "1"]

1. e4 e5 2. Nf3 Nc6 3. Nc3 Nf6 4. Bb5 Bb4 5. 0-0 0-0 6. d3 Bxc3 7. bxc3 d6 8. Rb1 Be6 9. c4 a6 10. Bxc6 bxc6 11. Bg5 d5 12. exd5 cxd5 13. Nxe5 Qd6 14. Bxf6 gxf6 15. cxd5 Bxd5 16. Nc4 Qf4 17. Re1 Bxc4 18. Re4 Qf5 19. Rxc4 Rfe8 20. Rxc7 Qe5 21. Rcb7 Qc3 22. Qg4+ Kh8 23. g3 Rg8 24. Qd7 Raf8 25. Rc7 Qa5 26. Qe7 Kg7 27. a3 Qd5 28. Rb6 Qd8 29. Qe6 Kg6 30. Qg4+ Kh6 31. Qf4+ Kg6 32. Rxa6 Re8 33. Rd7 1-0

[Event "IECC CL7-2000.19"]
[White "Mottershead, Richard"]
[Black "Jaquay, David"]
[Site "IECC email"]
[Round "?"]
[Result "1-0"]
[Date "2000.03.05"]
[WhiteElo "1133"]
[BlackElo "1020"]
[PlyCount "39"]
[EventDate "2000.??.??"]
[EventType "tourn (corr)"]
[EventRounds "4"]
[SourceTitle "Corr 2008"]
[Source "ChessBase"]
[SourceDate "2008.06.24"]
[SourceVersion "1"]
[SourceVersionDate "2008.06.24"]
[SourceQuality "1"]

1. e4 e5 2. Nf3 Nc6 3. Bb5 a6 4. Ba4 Nf6 5. 0-0 Bc5 6. Nxe5 Nxe5 7. d4 Bb6 8. dxe5 Nxe4 9. Be3 Bxe3 10. fxe3 0-0 11. Nd2 Qg5 12. Nxe4 Qxe3+ 13. Nf2 Qxe5 14. c3 d6 15. Re1 Qc5 16. Qf3 Rb8 17. Re8 b5 18. Rxf8+ Kxf8 19. Bb3 Bb7 20. Qxf7# 1-0